František Palacký jako zakladatel moderního českého bádání o raném novověku

Titel: František Palacký jako zakladatel moderního českého bádání o raném novověku
Verfasser:
In: František Palacký 1798/1998, (1999), Seite 153-164
alle Artikel anzeigen
Veröffentlicht: 1999
Format: Aufsatz
Sprache: Tschechisch
Kein Bild verfügbar
X
alg: 39312664
001A    $01999:11-11-16 
001B    $01999:28-04-17 $t15:34:07.000 
001D    $01999:11-11-16 
001U    $0utf8 
001X    $00 
002@    $0Aox 
003@    $0393126641 
007A    $0393126641 $aHEB 
007T    $0Herdp17477 
010@    $acze 
011@    $a1999 
021A    $aFrantišek Palacký jako zakladatel moderního českého bádání o raném novověku 
028A    $7122797981 $8Pánek, Jaroslav$Z1947- [Tp1] $9097685720 
031A    $h153-164 $j1999 
037A    $aRés. něm. s. 163-164: František Palacký als Begründer der modernen tschechischen Frühneuzeitforschung 
039B    $aIn $8--Aau--. František Palacký 1798/1998. - 1. vyd.. - Praha, 1999. - 556 Seiten. - Illustrationen. - ISBN 80-7286-003-8 $x199900000000000847 $9096238542 

lok: 39312664 78

exp: 39312664 78 1 #EPN
201B/01 $006-12-18 $t23:25:18.000 
201U/01 $0utf8 
203@/01 $0789236974 
208@/01 $a11-11-16 $be 
209A/01 $a/ $f000 $x00 
220C/01 $aHerkunft: Hú Av Čr Praha 
244Z/01 $#Tschechien $#Tschechische Republik $#Tschechische Republik $#Tschechenland $#Tschechei Tschechien $#Česká Republika $#Czech Republic $#ČR $74303381-7 $8--Tg1--Tschechien $x01 $9086659812 
244Z/01 $2Trx $#Böhmen $#Bohemia $#Czechy $8--Trx--Čechy $x02 $9391188941 
244Z/01 $#Palacky, Franciscus $#Palackij, ... $#Palacký, Franz $#Palacki, Franz $#Palackého, Františka $#Palacky, Franz $#Palatskii, Frantisek $#Palacky, Francisek $7118789260 $8--Tp1--Palacký, František$Z1798-1876 $x03 $9087129876 
244Z/01 $adějiny raného novověku $x04 
244Z/01 $2Trx $#historiograafia, Tšehhi $#Čekijos istoriografija $#Historiography,Czech $#történettudomány, cseh $#historiografia czeska $#historiografia česká $#historiografie česká $#Historiographie, böhmische $8--Trx--Historiographie, tschechische $x05 $9391359770 
244Z/01 $2Trx $#ajaloolased $#istorikai $#historians $#történészek $#historycy $#historici $#historici $8--Trx--Historiker $x06 $9391373544 
244Z/01 $2Trx $8--Trx--Einzelbeiträge $x07 $9391384570 
247C/01 $82080>Marburg/Lahn, Herder-Institut, Forschungsbibliothek, Bibliographieportal $9336309341
LEADER 00000caa a22000002c 4500
001 393126641
003 DE-603
005 20170428153407.0
007 tu
008 161111s1999 xx |||| | u00||u|cze c
035 |a (DE-599)HEB393126641 
040 |a DE-603  |b ger  |c DE-603  |d DE-603 
041 |a cze 
100 1 |a Pánek, Jaroslav  |d 1947-  |0 (DE-603)097685720  |0 (DE-588)122797981  |2 gnd 
245 0 0 |a František Palacký jako zakladatel moderního českého bádání o raném novověku 
264 0 |c 1999 
500 |a Rés. něm. s. 163-164: František Palacký als Begründer der modernen tschechischen Frühneuzeitforschung 
773 0 8 |i In  |t František Palacký 1798/1998  |b 1. vyd.  |d Praha, 1999  |h 556 Seiten, Illustrationen  |z 8072860038  |g (1999), Seite 153-164  |w (DE-603)096238542 
924 0 |9 2080  |a (DE-603)789236974  |b DE-2080  |c HES  |d d  |g /